Quotes From Classic Literature Quiz Stats

 Plays Quiz Updated Jan 3, 2017

Challenge
Share
Tweet
Embed
Score 0/17 Timer 05:00
9 Plays Today
Quote Book % Correct
'Every idiot who goes about with 'Merry Christmas' on his lips, should be boiled with his own pudding, and buried with a stake of holly through his heart.'A Christmas Carol
83.3%
'There she blows!--there she blows! A hump like a snow-hill!'Moby-Dick; or, The Whale
80.2%
'Either the well was very deep, or she fell very slowly, for she had plenty of time as she went down to look about her and to wonder what was going to happen next.'Alice's Adventures in Wonderland
71.1%
'I think you are wrong to want a heart. It makes most people unhappy. If you only knew it, you are in luck not to have a heart.'The Wonderful Wizard of Oz
63.8%
'There are more things in heaven and earth, Horatio, than are dreamt of in your philosophy.'Hamlet, Prince of Denmark
62.1%
'Happiness in marriage is entirely a matter of chance.'Pride and Prejudice
56.4%
'I lived on rum, I tell you. It's been meat and drink, and man and wife, to me.'Treasure Island
55.4%
'As you value your life or your reason keep away from the moor.'The Hound of the Baskervilles
46.8%
'Better to reign in Hell, than serve in Heaven.'Paradise Lost
36.4%
Quote Book % Correct
'To lose one parent, Mr. Worthing, may be regarded as a misfortune; to lose both looks like carelessness.'The Importance of Being Earnest
34.6%
'The rain pattered dismally against the panes, and my candle was nearly burnt out, when [...] I saw the dull yellow eye of the creature open.'Frankenstein
33.8%
'You'd find it easier to be bad than good if you had red hair. People who haven't red hair don't know what trouble is.'Anne of Green Gables
32.4%
'It was a monster devouring with a thousand mouths, trampling with a thousand hoofs; it was the Great Butcher--it was the spirit of Capitalism made flesh.'The Jungle
30.3%
'He had discovered a great law of human action [...] namely, that in order to make a man or a boy covet a thing, it is only necessary to make the thing difficult to attain.' The Adventures of Tom Sawyer
29.8%
'Remember that [...] your native language is the language of Shakespeare and Milton and The Bible; and don't sit there crooning like a bilious pigeon.'Pygmalion
27.4%
'Cowards die many times before their deaths; the valiant never taste of death but once.'Julius Caesar
20.7%
'Death destroys a man: the idea of Death saves him.'Howards End
10.5%

You're not logged in!

Compare scores with friends on all Sporcle quizzes.
Join for Free
OR
Log In

You Might Also Like...

Show Comments

Extras

Top Quizzes Today


Score Distribution

Your Account Isn't Verified!

In order to create a playlist on Sporcle, you need to verify the email address you used during registration. Go to your Sporcle Settings to finish the process.

Report this User

Report this user for behavior that violates our Community Guidelines.

Details: